Tepelné čerpadlá pre domy s takmer nulovou spotrebou energie

Na minha lista:
Detalhes bibliográficos
Autor principal: Pavle, Ivan (Author)
Outros Autores: Tomlein, Peter (Thesis advisor)
Formato: Manuscrito Livro
Idioma:eslovaco
Publicado em: 2018
Assuntos:
Acesso em linha:http://is.stuba.sk/zp/portal_zp.pl?podrobnosti=137771
Tags: Adicionar Tag
Sem tags, seja o primeiro a adicionar uma tag!

MARC

LEADER 00000ntm a22000003a 4500
001 stuzp69395
003 SK-STU
005 20180820161401.3
007 ta
008 150427s2015----xo-----f-mn---000-0-slo-d
040 |a STU  |b slo 
041 0 |a slo 
100 1 |a Pavle, Ivan  |u 020060  |4 aut  |U SjF Strojnícka fakulta  |T SjF Ústav energetických strojov a zariadení  |X 63068  |U J0060  |Y 805  |7 63068 
242 0 1 |a Heat pumps for houses with almost zero energy consumption  |y eng 
245 1 0 |a Tepelné čerpadlá pre domy s takmer nulovou spotrebou energie 
260 |c 2018 
650 4 |a tepelné čerpadlo  |2 slo 
650 4 |a stropné vykurovanie  |2 slo 
650 4 |a tepelná pohoda  |2 slo 
650 4 |a sálanie  |2 slo 
650 4 |a heat pump  |2 eng 
650 4 |a ceiling heating  |2 eng 
650 4 |a thermal comfort  |2 eng 
650 4 |a radiation  |2 eng 
700 1 |a Tomlein, Peter  |4 ths  |X 2211  |7 A000002211 
856 4 |u http://is.stuba.sk/zp/portal_zp.pl?podrobnosti=137771 
996 |b 284J045628  |c J* 2978/DDP  |l JJSK  |s A  |a 24  |w stuzp69395_0001